<?xml version="1.0" encoding="UTF-8"?>
<collection xmlns="http://www.loc.gov/MARC21/slim">
<record>
  <controlfield tag="001">126485</controlfield>
  <controlfield tag="005">20230623134323.0</controlfield>
  <datafield tag="020" ind1=" " ind2=" ">
    <subfield code="a">978-84-18321-85-6</subfield>
  </datafield>
  <datafield tag="024" ind1="7" ind2=" ">
    <subfield code="2">doi</subfield>
    <subfield code="a">10.26754/uz.978-84-18321-85-6</subfield>
  </datafield>
  <datafield tag="037" ind1=" " ind2=" ">
    <subfield code="a">BOOK-2023-015</subfield>
  </datafield>
  <datafield tag="041" ind1=" " ind2=" ">
    <subfield code="a">spa</subfield>
  </datafield>
  <datafield tag="100" ind1=" " ind2=" ">
    <subfield code="a">Alfaro Pérez, Francisco</subfield>
    <subfield code="b"></subfield>
  </datafield>
  <datafield tag="245" ind1=" " ind2=" ">
    <subfield code="a">Santas y rebeldes. Las mujeres y el culto a las reliquias. VI Jornadas Internacionales de Estudio e Innovación sobre "Las reliquias y sus cultos"</subfield>
  </datafield>
  <datafield tag="250" ind1=" " ind2=" ">
    <subfield code="a">1ª ed.</subfield>
  </datafield>
  <datafield tag="260" ind1=" " ind2=" ">
    <subfield code="a">Zaragoza ; Salamanca</subfield>
    <subfield code="b">Servicio de Publicaciones. Universidad</subfield>
    <subfield code="c">2023</subfield>
  </datafield>
  <datafield tag="300" ind1=" " ind2=" ">
    <subfield code="a">505</subfield>
  </datafield>
  <datafield tag="520" ind1=" " ind2=" ">
    <subfield code="a">Estas VI Jornadas internacionales de estudio e innovación sobre “Las reliquias y sus cultos”, auspiciadas por el Proyecto de Referencia PIIDUZ_3_943 de la Universidad de Zaragoza y por el Grupo de Investigación Interdisciplinar Polymathía, son un foro de encuentro, intercambio de ideas y discusiones para investigadores, docentes y egresados de las diferentes áreas del saber que componen las titulaciones de Humanidades. En esta ocasión están diseñadas, concretamente, desde una perspectiva de género. En Santas y Rebeldes: las mujeres y el culto a las reliquias se analizan fenómenos socioculturales relacionados con el comportamiento del mundo femenino ante la fe y la devoción, con el empleo de reliquias como instrumento práctico con el que tratar de resolver problemas o cubrir necesidades y con su reflejo en la sociedad.</subfield>
  </datafield>
  <datafield tag="700" ind1=" " ind2=" ">
    <subfield code="a">Jiménez López, Jorge</subfield>
    <subfield code="b"></subfield>
  </datafield>
  <datafield tag="700" ind1=" " ind2=" ">
    <subfield code="a">Naya Franco, carolina, (eds.)</subfield>
    <subfield code="b"></subfield>
  </datafield>
  <datafield tag="856" ind1="0" ind2=" ">
    <subfield code="f">agroca@unizar.es</subfield>
  </datafield>
  <datafield tag="856" ind1="4" ind2=" ">
    <subfield code="u">http://zaguan.unizar.es/record/126485/files/BOOK-2023-015.pdf</subfield>
    <subfield code="z">Texto completo</subfield>
    <subfield code="s">22132712</subfield>
  </datafield>
  <datafield tag="909" ind1="C" ind2="O">
    <subfield code="o">oai:zaguan.unizar.es:126485</subfield>
    <subfield code="p">books</subfield>
  </datafield>
  <datafield tag="980" ind1=" " ind2=" ">
    <subfield code="a">BOOK</subfield>
    <subfield code="b">CONYJOR</subfield>
    <subfield code="b"></subfield>
  </datafield>
</record>
</collection>